000 00365nam a2200157Ia 4500
005 20240807062047.0
008 240806s9999||||xx |||||||||||||| ||eng||
041 _aeng
082 _a891.432
_bMUDA
100 _aMudra Rakshash
245 0 _aAla afasar /
_cMudra Rakshash
260 _bRadha Krishn Prakashan All.
300 _a72
650 _aHindi
942 _cBK
999 _c7212
_d7212